Hough's cardiorespiratory care : (Record no. 1980)

MARC details
000 -LEADER
fixed length control field 02096cam a2200253 i 4500
008 - FIXED-LENGTH DATA ELEMENTS--GENERAL INFORMATION
fixed length control field 190425s2018 stka b 001 0 eng c
020 ## - INTERNATIONAL STANDARD BOOK NUMBER
ISBN 9780702071843 (pbk.)
020 ## - INTERNATIONAL STANDARD BOOK NUMBER
ISBN 0702071846 (pbk.)
100 1# - MAIN ENTRY--AUTHOR
Author Hough, Alexandra,
245 10 - TITLE STATEMENT
Title Hough's cardiorespiratory care :
Remainder of title an evidence-based, problem-solving approach /
Statement of responsibility, etc Alexandra Hough, MSc, MCSP, DipTP (respiratory physiotherapist and freelance lecturer).
250 ## - EDITION STATEMENT
Edition statement Fifth edition.
300 ## - COLLATION
Pagination x, 602 pages :
Other physical details illustrations
500 ## - GENERAL NOTE
General note Preceded by Physiotherapy in respiratory and cardiac care / Alexandra Hough. 4th ed. 2014.
520 ## - SUMMARY, ETC.
Summary, etc The latest edition of this must-have text book promises an evidence-based and practical approach covering the very latest in cardiorespiratory care. The textbook covers a wide range of cardiorespiratory conditions and discusses treatment of patients in different clinical settings such as critical care, the ward area and out-patient departments. It begins with physiology and pathology and progresses into a detailed patient assessment section and a discussion of specific respiratory and cardiac conditions. The final section covers different groups of people who may require physiotherapy such as infants, children, and adults with specific conditions including a considered section on palliative care. Critical thinking is facilitated by clinical reasoning boxes in the text, and problem-solving is aided by case studies at the end of each chapter. There are also relevant practice tips to enable transfer of learning into the clinical environment. The text is supported by over 280 line drawings and diagrams along with over 70 x-rays and photographs to further illustrate the points under discussion.--
650 #0 - TRACINGS
Main Subject Respiratory organs
Subdivision (2nd) Diseases
-- Physical therapy.
650 #0 - TRACINGS
Main Subject Heart
Subdivision (2nd) Diseases
-- Physical therapy.
650 12 - TRACINGS
Main Subject Respiration Disorders
Subdivision (2nd) rehabilitation.
650 22 - TRACINGS
Main Subject Physical Therapy Modalities.
650 #7 - TRACINGS
Main Subject Respiratory organs
Subdivision (2nd) Diseases
-- Physical therapy.
942 ## - ADDED ENTRY ELEMENTS (KOHA)
Item type Books
050 00 - LIBRARY OF CONGRESS CALL NUMBER
Classification number RM161
Item number .H684 2018
050 14 - LIBRARY OF CONGRESS CALL NUMBER
Classification number RC735.3
Item number .H68 2018
082 00 - DEWEY DECIMAL CLASSIFICATION NUMBER
Classification number 615.8/2
Holdings
Source of classification or shelving scheme Not for loan Permanent location Current location Date acquired Accession No. Barcode. Koha item type Full call number
Library of Congress Classification   Medical Library Medical Library 02/18/2025 2024/63504 2025-0117 Books  
Library of Congress Classification   Medical Library Medical Library 03/18/2025 2024/63504 2025-0712 Books RC 735.3.H68
Library of Congress Classification   Medical Library Medical Library 03/18/2025 2024/63497 2025-0713 Books RJ53.P5